000 00712nas a2200241 4500
001 BR7305536
003 BR-BrBNA
005 20231205082536.0
007 ta
008 230509b bl.|||p| |||| 00| 00por d
040 _aBR-BrBNA
_bpor
_cBiblioteca Nacional de Agricultura
041 _a(Pt)
072 _aL74
100 1 _aAnon.
245 1 _aO problema da fotossensibilizacao em bovinos [capim brachiaria, Sao Paulo]
650 _aBOVINO
650 _aCAPIM BRACHIARIA
650 _aFOTOSSENSIBILIDADE
650 _aSAO PAULO
773 0 _tRevista dos Criadores (Brazil)
_xISSN 0034-9259
_g(Feb 1977), v. 47(565) p. 13-14
_wBR7305536
909 _a202311
_bLúcia
_c55
_dLúcia Elande
942 _2AGRIS
_n0
_cANA
999 _c92656
_d92656